Cite todos os partidos que já tiveram presidentes na era populista. - Statistics

Estatísticas Gerais
  • Esse quiz foi jogado 58 vezes
  • A pontuação média é 10 de 12
Estatísticas das Respostas
Resposta % Correto
PTB/PSD
100%
PSD
94%
PSD
94%
PSD
94%
PSD
94%
PSD
94%
PSD
94%
PTB
78%
PTB
78%
PTB
78%
PTN
43%
PSP
41%
Nenhum quiz correspondente encontrado
Distribuição das Pontuações
Porcentagem de Pessoas com Cada Pontuação
Percentil de Números Respondidos
Sua Pontuação Histórica
Você não jogou esse quiz